000 00823nam a2200253Ia 4500
003 OSt
005 20230824115638.0
008 210716s1992 xx 000 0 und d
040 _cAIMIT LIBRARY
041 _aeng
082 _a005.11FP
_bCHEM
100 _aChellam, Meenakshi.
_9130811
245 _aFoxpro 2.0:
_bart of visual programming /
_cBy Meenakshi Chellam; Shibani Rohra and Joy Nagpal.
250 _a1st ed.
260 _aNew Delhi :
_bBPB Publications ,
_c1992.
300 _a326p. ;
_bPB
_c22 cm.
650 _aBuilding relationships
_9130812
650 _aIntroducing the financial whiz kid
_9130813
650 _aTally and totals
_9130814
700 _aChellam, Meenakshi.
_9130811
700 _aRohra, Shibani.
_9130815
700 _aNagpal, Joy.
_9130816
942 _2ddc
_cBK
_e1st ed.
_k005.11FP CHEM
999 _c182582
_d182582